[Event "LTU-ch sf"]
[Site "Kaunas"]
[Date "2024.03.09"]
[Round "5"]
[White "Raugevicius, Matas"]
[Black "Kalvaitis, Sigitas"]
[Result "1/2-1/2"]
[WhiteElo "1834"]
[BlackElo "2133"]
[PlyCount "60"]
[EventDate "2024.03.06"]
[EventType "swiss"]
[EventRounds "8"]
[EventCountry "LTU"]
[SourceTitle "CB11_2024"]
[SourceDate "2024.03.13"]
[SourceVersion "1"]
[SourceVersionDate "2024.03.13"]
[SourceQuality "1"]

1. d4 Nf6 2. c4 e6 3. Nf3 d5 4. g3 Be7 5. Bg2 0-0 6. 0-0 dxc4 7. Qc2 a6 8. a4 Bd7 9. Rd1 Bc6 10. Nc3 Bxf3 11. Bxf3 Nc6 12. Bxc6 bxc6 13. a5 Rb8 14. Ra4 Rb4 15. Na2 Rxa4 16. Qxa4 Qd5 17. Nc3 Qh5 18. Qxc6 Qxa5 19. Qxc4 c5 20. d5 Qb4 21. Qxb4 cxb4 22. d6 Bxd6 23. Rxd6 bxc3 24. bxc3 Rc8 25. Rxa6 h6 26. Ra3 Ne4 27. Bb2 Nd2 28. Kg2 Nc4 29. Rb3 Nxb2 30. Rxb2 Rxc3 1/2-1/2

[Event "LTU-ch sf"]
[Site "Kaunas"]
[Date "2024.03.07"]
[Round "2"]
[White "Kalvaitis, Sigitas"]
[Black "Perminaite, Guoda"]
[Result "1-0"]
[WhiteElo "2133"]
[BlackElo "1888"]
[PlyCount "61"]
[EventDate "2024.03.06"]
[EventType "swiss"]
[EventRounds "8"]
[EventCountry "LTU"]
[SourceTitle "CB11_2024"]
[SourceDate "2024.03.13"]
[SourceVersion "1"]
[SourceVersionDate "2024.03.13"]
[SourceQuality "1"]

1. e4 e5 2. Nf3 Nc6 3. Nc3 Nf6 4. Bb5 d6 5. d4 Bd7 6. 0-0 Nxd4 7. Nxd4 exd4 8. Qxd4 Be7 9. Bxd7+ Qxd7 10. h3 0-0 11. Bg5 Rfe8 12. Rad1 Qc6 13. Rfe1 a6 14. Rd3 Rad8 15. Rg3 Nh5 16. Bxe7 Rxe7 17. Nd5 Re6 18. Rc3 Qb5 19. Nxc7 Qxb2 20. Nxe6 fxe6 21. e5 Nf4 22. Rc4 Qxd4 23. Rxd4 Nd5 24. exd6 Kf7 25. c4 Nf6 26. c5 Nd7 27. Rf4+ Nf6 28. Rb1 Rd7 29. Rfb4 b5 30. cxb6 Rb7 31. Rc4 1-0

[Event "Taujenai-ch rapid"]
[Site "Taujenai"]
[Date "2023.10.28"]
[Round "5"]
[White "Kalvaitis, Sigitas"]
[Black "Cicinadze, Kristijonas"]
[Result "1-0"]
[WhiteElo "2147"]
[BlackElo "1746"]
[PlyCount "63"]
[EventDate "2023.10.28"]
[EventType "swiss (rapid)"]
[EventRounds "10"]
[EventCountry "LTU"]
[SourceTitle "Mega2024 Update 01"]
[Source "Chessbase"]
[SourceDate "2023.11.12"]
[SourceVersion "1"]
[SourceVersionDate "2023.11.12"]
[SourceQuality "1"]

1. e4 c5 2. Nf3 e6 3. c3 Nf6 4. e5 Nd5 5. d4 cxd4 6. cxd4 d6 7. a3 Nd7 8. Bd3 b6 9. 0-0 Bb7 10. Re1 dxe5 11. Nxe5 Nxe5 12. dxe5 Be7 13. Qa4+ Kf8 14. Be4 Qc7 15. Bf3 Rd8 16. Bd2 Bc6 17. Qb3 Qb7 18. a4 h5 19. Na3 g6 20. Rac1 Kg7 21. Nb5 Bxb5 22. axb5 Rd7 23. Rc6 Rc8 24. Rec1 Rcd8 25. h3 Qb8 26. Re1 Rc7 27. Qc4 Rxc6 28. bxc6 Qc7 29. b4 a5 30. b5 Bc5 31. Bxa5 Ne7 32. Qxc5 1-0

[Event "Panevezys op"]
[Site "Panevezys"]
[Date "2023.08.19"]
[Round "4"]
[White "Kalvaitis, Sigitas"]
[Black "Nainys, Zanas1111"]
[Result "1/2-1/2"]
[WhiteElo "2154"]
[BlackElo "1862"]
[PlyCount "72"]
[EventDate "2023.08.18"]
[EventType "swiss"]
[EventRounds "7"]
[EventCountry "LTU"]
[SourceTitle "EXT 2024"]
[Source "ChessBase"]
[SourceDate "2023.10.10"]
[SourceVersion "1"]
[SourceVersionDate "2023.10.10"]
[SourceQuality "1"]

1. e4 Nf6 2. e5 Nd5 3. d4 d6 4. Nf3 g6 5. Be2 Bg7 6. 0-0 0-0 7. Re1 dxe5 8. Nxe5 c5 9. c3 cxd4 10. cxd4 Nd7 11. Nf3 N7b6 12. Nc3 Nxc3 13. bxc3 Be6 14. a4 Rc8 15. a5 Nd5 16. Qb3 Nxc3 17. Qxb7 Bd5 18. Qa6 Rc6 19. Qd3 Nxe2+ 20. Qxe2 Re6 21. Be3 Qa8 22. Rec1 Rd8 23. Rc7 a6 24. Rac1 Bf6 25. Qd1 Bxf3 26. Qxf3 Qxf3 27. gxf3 Kg7 28. R1c4 Red6 29. Kg2 R8d7 30. Rxd7 Rxd7 31. Rc6 Bxd4 32. Rxa6 Bxe3 33. fxe3 Rd2+ 34. Kg3 Re2 35. e4 Ra2 36. h4 h5 1/2-1/2

[Event "Panevezys op"]
[Site "Panevezys"]
[Date "2023.08.18"]
[Round "1"]
[White "Cibulskyte, Smilte"]
[Black "Kalvaitis, Sigitas"]
[Result "0-1"]
[WhiteElo "1409"]
[BlackElo "2154"]
[PlyCount "74"]
[EventDate "2023.08.18"]
[EventType "swiss"]
[EventRounds "7"]
[EventCountry "LTU"]
[SourceTitle "EXT 2024"]
[Source "ChessBase"]
[SourceDate "2023.10.10"]
[SourceVersion "1"]
[SourceVersionDate "2023.10.10"]
[SourceQuality "1"]

1. e4 e6 2. d4 d5 3. Nd2 Nc6 4. c3 e5 5. exd5 Qxd5 6. dxe5 Nxe5 7. Ngf3 Nd3+ 8. Bxd3 Qxd3 9. Qe2+ Qxe2+ 10. Kxe2 Bf5 11. Re1 0-0-0 12. Kf1 Bd6 13. Nb3 Ne7 14. Nbd4 Bd3+ 15. Kg1 c5 16. Ne2 Nd5 17. Ng3 Rhe8 18. Bd2 f6 19. b3 Bg6 20. c4 Nf4 21. Rxe8 Rxe8 22. Be3 Kc7 23. Rd1 Ne6 24. Nh4 Rd8 25. Nxg6 hxg6 26. Re1 Be5 27. h3 a5 28. Ne2 g5 29. Kf1 Kc6 30. Ng3 a4 31. Ra1 Bxa1 32. Ke2 axb3 33. axb3 Nd4+ 34. Bxd4 Bxd4 35. Nf5 Re8+ 36. Kf3 g6 37. Ng3 Re1 0-1

[Event "Plateliai Plunge op-A 42nd"]
[Site "Plateliai"]
[Date "2023.07.23"]
[Round "9"]
[White "Kalvaitis, Sigitas"]
[Black "Stremavicius, Pijus"]
[Result "1/2-1/2"]
[WhiteElo "2161"]
[BlackElo "2401"]
[PlyCount "115"]
[EventDate "2023.07.17"]
[EventType "swiss"]
[EventRounds "9"]
[EventCountry "LTU"]
[SourceTitle "CBM 215 Extra"]
[Source "ChessBase"]
[SourceDate "2023.09.30"]
[SourceVersion "1"]
[SourceVersionDate "2023.09.30"]
[SourceQuality "1"]

1. e4 c5 2. Nf3 e6 3. d4 cxd4 4. Nxd4 Nf6 5. Bd3 Nc6 6. Nxc6 bxc6 7. Nd2 d5 8. 0-0 Be7 9. b3 a5 10. Bb2 Ba6 11. c4 a4 12. Rc1 Qb6 13. Qc2 Rd8 14. Rfe1 axb3 15. axb3 0-0 16. e5 dxc4 17. Nxc4 Bxc4 18. bxc4 Ng4 19. Bxh7+ Kh8 20. c5 Bxc5 21. Qxc5 Qxb2 22. Bb1 Kg8 23. Qc2 Qxc2 24. Rxc2 Nxe5 25. Rc5 Ng4 26. h3 Nf6 27. Rxc6 Rd2 28. Rc2 Rfd8 29. Rxd2 Rxd2 30. Be4 g6 31. Bf3 Kg7 32. Rd1 Rb2 33. h4 Nh7 34. g3 g5 35. hxg5 Nxg5 36. Kg2 f5 37. Re1 Kf6 38. Re2 Rb3 39. Bc6 Rc3 40. Bb7 e5 41. f3 Ne6 42. Rd2 Nc5 43. Ba8 e4 44. Re2 Rxf3 45. g4 Ra3 46. Rf2 Kg5 47. Rxf5+ Kxg4 48. Rxc5 Rxa8 49. Rc3 Rf8 50. Rg3+ Kf4 51. Kf2 Rd8 52. Rh3 Rd2+ 53. Ke1 Rb2 54. Ra3 Rb1+ 55. Ke2 Rh1 56. Rb3 Ra1 57. Rc3 e3 58. Rc4+ 1/2-1/2

[Event "Plateliai Plunge op-A 42nd"]
[Site "Plateliai"]
[Date "2023.07.18"]
[Round "2"]
[White "Kalvaitis, Sigitas"]
[Black "Vysniauskas, Vaidas"]
[Result "1-0"]
[WhiteElo "2161"]
[BlackElo "1822"]
[PlyCount "79"]
[EventDate "2023.07.17"]
[EventType "swiss"]
[EventRounds "9"]
[EventCountry "LTU"]
[SourceTitle "CBM 215 Extra"]
[Source "ChessBase"]
[SourceDate "2023.09.30"]
[SourceVersion "1"]
[SourceVersionDate "2023.09.30"]
[SourceQuality "1"]

1. e4 b6 2. d4 Bb7 3. Bd3 Nf6 4. Qe2 e6 5. Nf3 d5 6. e5 Ne4 7. Nbd2 Nxd2 8. Bxd2 c5 9. c3 c4 10. Bc2 Be7 11. h4 h6 12. h5 b5 13. Nh2 a5 14. Qg4 Bf8 15. 0-0 Nc6 16. f4 Qb6 17. f5 Nxe5 18. Qg3 Nd7 19. fxe6 fxe6 20. Qg6+ Kd8 21. Ng4 Ra6 22. Rf7 Bc8 23. Bf4 e5 24. Nxe5 Nxe5 25. Bxe5 Qxg6 26. Bc7+ Ke8 27. Bxg6 Be7 28. Rxg7+ Kd7 29. Bf4 Kd8 30. Re1 Be6 31. Bc7+ Kd7 32. Be5 Rg8 33. Rh7 Kd8 34. Rf1 b4 35. Rxh6 bxc3 36. bxc3 Rb6 37. Bf7 Bxf7 38. Rxb6 Ke8 39. Rb8+ Kd7 40. Rxf7 1-0

[Event "Plateliai Plunge op-A 42nd"]
[Site "Plateliai"]
[Date "2023.07.17"]
[Round "1"]
[White "Dudnikas, Motiejus"]
[Black "Kalvaitis, Sigitas"]
[Result "0-1"]
[WhiteElo "1518"]
[BlackElo "2161"]
[PlyCount "108"]
[EventDate "2023.07.17"]
[EventType "swiss"]
[EventRounds "9"]
[EventCountry "LTU"]
[SourceTitle "CBM 215 Extra"]
[Source "ChessBase"]
[SourceDate "2023.09.30"]
[SourceVersion "1"]
[SourceVersionDate "2023.09.30"]
[SourceQuality "1"]

1. d4 Nf6 2. Bg5 g6 3. e3 Bg7 4. Bd3 d6 5. f4 c5 6. c3 Nc6 7. Nf3 Qb6 8. Qc1 e5 9. fxe5 dxe5 10. Bxf6 Bxf6 11. d5 Ne7 12. e4 g5 13. h3 Ng6 14. Na3 g4 15. Nc4 Qd8 16. hxg4 Bxg4 17. Qe3 b5 18. Ncd2 c4 19. Be2 Nf4 20. Rh2 h5 21. g3 Nxe2 22. Qxe2 Qa5 23. Qe3 Rc8 24. Nh4 Rg8 25. Qh6 Qb6 26. Rf2 Ke7 27. Nf5+ Bxf5 28. Rxf5 Rh8 29. Rxf6 Rxh6 30. Rxb6 axb6 31. Nf3 Rg6 32. Kf2 Rg4 33. Re1 f6 34. Nh4 Kd7 35. Nf5 b4 36. a3 bxa3 37. bxa3 Ra8 38. Ra1 Rxe4 39. Kf3 Rg4 40. Ne3 Kd6 41. Nxg4 hxg4+ 42. Kxg4 Rg8+ 43. Kf3 Kxd5 44. Rb1 Ra8 45. a4 Rxa4 46. Rxb6 Ra3 47. Rxf6 Rxc3+ 48. Kf2 Ke4 49. g4 Rc2+ 50. Kf1 c3 51. g5 Ra2 52. Rc6 c2 53. Ke1 Kd3 54. Rd6+ Ke3 0-1

[Event "LTU-ch sf"]
[Site "Vilnius"]
[Date "2023.04.12"]
[Round "2"]
[White "Leclere, Daniel"]
[Black "Kalvaitis, Sigitas"]
[Result "0-1"]
[WhiteElo "1733"]
[BlackElo "2168"]
[PlyCount "78"]
[EventDate "2023.04.11"]
[EventType "swiss"]
[EventRounds "9"]
[EventCountry "LTU"]
[SourceTitle "CBM 213 Extra"]
[Source "ChessBase"]
[SourceDate "2023.05.31"]
[SourceVersion "1"]
[SourceVersionDate "2023.05.31"]
[SourceQuality "1"]

1. d4 Nf6 2. c4 e6 3. Nc3 d5 4. Bg5 Nbd7 5. e3 Be7 6. Bd3 dxc4 7. Bxc4 0-0 8. Qf3 c5 9. Nge2 cxd4 10. exd4 Nb6 11. Bd3 Nfd5 12. h4 Bd7 13. Qg3 Rc8 14. Bh6 Bf6 15. Ne4 Nb4 16. Ng5 Kh8 17. a3 Qe7 18. axb4 gxh6 19. Nxh7 Rg8 20. Qf4 Bg7 21. Ng5 f5 22. Qd6 Bf6 23. Qxe7 Bxe7 24. Nf7+ Kg7 25. Ne5 Bxb4+ 26. Kf1 a6 27. Nf4 Kf6 28. Nxd7+ Nxd7 29. d5 e5 30. Nh5+ Kg6 31. g4 e4 32. Be2 Bd6 33. Kg2 Rc2 34. Bxa6 Kf7 35. Bxb7 Rxg4+ 36. Kf1 e3 37. fxe3 Rgg2 38. Nf4 Rgf2+ 39. Kg1 Ne5 0-1

[Event "LTU-ch sf"]
[Site "Vilnius"]
[Date "2022.04.08"]
[Round "1"]
[White "Pazarauskas, Sarunas"]
[Black "Kalvaitis, Sigitas"]
[Result "0-1"]
[WhiteElo "1538"]
[BlackElo "2133"]
[PlyCount "100"]
[EventDate "2022.04.08"]
[EventType "swiss"]
[EventRounds "9"]
[EventCountry "LTU"]
[SourceTitle "CBM 207 Extra"]
[Source "ChessBase"]
[SourceDate "2022.05.31"]
[SourceVersion "1"]
[SourceVersionDate "2022.05.31"]
[SourceQuality "1"]

1. d4 Nf6 2. Bf4 d6 3. e3 g6 4. Nf3 Bg7 5. Nbd2 0-0 6. Be2 Nc6 7. h3 Nd7 8. c3 e5 9. dxe5 Ndxe5 10. 0-0 Qe7 11. Qc2 Bf5 12. e4 Bd7 13. Rfe1 Rae8 14. Rad1 Nxf3+ 15. Bxf3 Ne5 16. Qb3 Nd3 17. Bg3 Nxe1 18. Rxe1 Bc6 19. Qc2 Qe6 20. b3 f5 21. Re2 Qf6 22. c4 Qc3 23. Qxc3 Bxc3 24. Nb1 Bg7 25. Nd2 Bh6 26. e5 Bxd2 27. Bxc6 bxc6 28. Rxd2 f4 29. Bh2 Rxe5 30. f3 g5 31. Kf2 Kg7 32. Re2 Rxe2+ 33. Kxe2 Re8+ 34. Kd2 Kf6 35. Bg1 c5 36. b4 cxb4 37. c5 Ke5 38. cxd6 Kxd6 39. Bd4 Kd5 40. Bf6 h6 41. Bg7 Re6 42. Kd3 c5 43. Bf8 a5 44. Bg7 c4+ 45. Kd2 c3+ 46. Kd1 Kc4 47. Bf8 Kd3 48. h4 c2+ 49. Kc1 Re1+ 50. Kb2 Rb1# 0-1

[Event "Taujenai Manor Cup"]
[Site "Taujenai"]
[Date "2021.11.28"]
[Round "7"]
[White "Kalvaitis, Sigitas"]
[Black "Juknis, Paulius"]
[Result "1/2-1/2"]
[WhiteElo "2171"]
[BlackElo "2059"]
[PlyCount "129"]
[EventDate "2021.11.27"]
[EventType "swiss (rapid)"]
[EventRounds "9"]
[EventCountry "LTU"]
[SourceTitle "EXT 2023"]
[Source "ChessBase"]
[SourceDate "2022.10.05"]
[SourceVersion "1"]
[SourceVersionDate "2022.10.05"]
[SourceQuality "1"]

1. e4 g6 2. d4 Bg7 3. Nf3 d6 4. Be2 Nf6 5. Nc3 a6 6. a4 0-0 7. 0-0 b6 8. e5 Nfd7 9. Bf4 dxe5 10. dxe5 e6 11. Qd2 Bb7 12. Rad1 Qc8 13. Rfe1 Nc5 14. Bh6 Nc6 15. Bxg7 Kxg7 16. Qg5 Qe8 17. Bc4 Qe7 18. Qxe7 Nxe7 19. b4 Bxf3 20. gxf3 Nxa4 21. Nxa4 b5 22. Rd7 Rfe8 23. Bxe6 bxa4 24. Ba2 Rac8 25. Re4 c5 26. Rf4 Nf5 27. Rxf7+ Kh6 28. Rf6 Kg5 29. Rg4+ Kh6 30. Be6 Rc6 31. Bxf5 Rxf6 32. exf6 gxf5 33. Rf4 Kg5 34. f7 Rf8 35. Rc4 cxb4 36. Rxb4 Rxf7 37. Rxa4 Rc7 38. f4+ Kg4 39. Kg2 Rxc2 40. h3+ Kh5 41. Rxa6 Rc4 42. Kg3 Rc3+ 43. f3 Rc1 44. Rf6 Rc5 45. Re6 Rc1 46. Rf6 Rc5 47. Kf2 Rb5 48. Re6 Rb2+ 49. Kg3 Rb1 50. Re5 Kg6 51. Kh4 Rf1 52. Re6+ Kf7 53. Ra6 Rg1 54. Ra7+ Kg6 55. Ra8 Kf7 56. Ra6 Kg7 57. Rb6 h6 58. Rb5 Kg6 59. Rb6+ Kg7 60. Kh5 Rg3 61. Rb7+ Kf6 62. h4 Rxf3 63. Rb6+ Kg7 64. Rb7+ Kf6 65. Rb6+ 1/2-1/2

[Event "Panevezys Kveinys Memorial op"]
[Site "Panevezys"]
[Date "2021.08.05"]
[Round "8"]
[White "Kalvaitis, Sigitas"]
[Black "Kazakouski, Valery"]
[Result "0-1"]
[WhiteElo "2164"]
[BlackElo "2499"]
[PlyCount "70"]
[EventDate "2021.07.30"]
[EventType "swiss"]
[EventRounds "9"]
[EventCountry "LTU"]
[SourceTitle "EXT 2022"]
[Source "ChessBase"]
[SourceDate "2021.10.06"]
[SourceVersion "1"]
[SourceVersionDate "2021.10.06"]
[SourceQuality "1"]

1. e4 e5 2. Nf3 Nc6 3. Bc4 Nf6 4. d3 Be7 5. Bb3 0-0 6. 0-0 d6 7. c3 h6 8. Re1 Re8 9. Nbd2 Bf8 10. Nf1 Be6 11. Ng3 d5 12. h3 a6 13. exd5 Bxd5 14. Be3 Bxb3 15. Qxb3 Na5 16. Qa4 c5 17. d4 b5 18. Qd1 exd4 19. cxd4 c4 20. Ne5 Qd5 21. Qc2 Nc6 22. Nxc6 Qxc6 23. a3 Rad8 24. Rac1 Re6 25. Ne2 Nd5 26. Bd2 Rde8 27. Nc3 Nf4 28. d5 Rxe1+ 29. Rxe1 Rxe1+ 30. Bxe1 Nxd5 31. Qe4 Qe6 32. Qxe6 fxe6 33. Ne4 g5 34. Bd2 Bg7 35. Bc1 Nf4 0-1

[Event "Titled Tuesday intern op 11th May"]
[Site "Chess.com INT"]
[Date "2021.05.11"]
[Round "3"]
[White "Taichman, Ori"]
[Black "Kalvaitis, Sigitas"]
[Result "1-0"]
[WhiteElo "2272"]
[BlackElo "2184"]
[PlyCount "59"]
[EventDate "2021.05.11"]
[EventType "swiss (blitz)"]
[EventRounds "11"]
[EventCountry "USA"]
[SourceTitle "CBM 202 Extra"]
[Source "ChessBase"]
[SourceDate "2021.07.31"]
[SourceVersion "1"]
[SourceVersionDate "2021.07.31"]
[SourceQuality "1"]

1. e4 e6 2. d4 d5 3. Nc3 Bb4 4. e5 Ne7 5. Bd2 c5 6. dxc5 Nd7 7. Qg4 0-0 8. Qxb4 Nc6 9. Qf4 f6 10. exf6 Rxf6 11. Qg3 Qf8 12. Nf3 Nxc5 13. 0-0-0 b5 14. Bxb5 Bd7 15. Bg5 Rf5 16. Bxc6 Bxc6 17. Nd4 Rc8 18. Nxf5 Qxf5 19. Qf4 Qg6 20. Be7 Nd7 21. Rd2 e5 22. Qg3 Qf7 23. Ba3 d4 24. Ne2 Qxa2 25. Kd1 Ba4 26. Nc1 Qb1 27. b3 Nf6 28. bxa4 Ne4 29. Qb3+ Qxb3 30. cxb3 1-0